• 首页
  • 本馆介绍
  • 公告通知
  • 最新文献
  • 馆藏检索
  • 电子资源
  • 读者导购
  • 参考咨询
  • 我的图书馆
  • 登录
  • 详细信息显示
  • 放入我的书架
  • 预约/预借图书
  • 作者相关作品
  • 分类相关作品
  • 丛书相关作品
  • 出版社相关作品

书目信息

  • 表格格式
  • 工作单格式
  • 卡片格式
题名:
卡鲁索的发声方法
    
 
作者: 马腊费奥迪 著 ;郎毓秀 译
分册:  
出版信息: 北京   人民音乐出版社  2000
页数: 172页
开本: 20cm
丛书名:
单 册:
中图分类: J616.1
科图分类:
主题词: 发声法
电子资源:
ISBN: 7-103-01019-6
000 00914nam0 2200253 45
001 010020018277
005 20070805151042.93
010    @a7-103-01019-6@dCNY12.60
100    @a20020701e20012000em y0chiy0110 ea
101 1  @achi@cita
102    @aCN@b110000
105    @aac z 000yy
200 1  @a卡鲁索的发声方法@9ka lu suo de fa sheng fang fa@e嗓音的科学培育@f(意)P.M.马腊费奥迪著@g郎毓秀译
210    @a北京@c人民音乐出版社@d2000@h2001
215    @a172页@c图,肖像@d20cm
330    @a本书从科学角度经过观察、研究卡鲁索的自然歌唱方法而写成了这本声乐理论著作。
510 1  @aCaruso's Method of Voice Production@eThe Scientific Culture of the Voice@zeng
517 1  @a嗓音的科学培育@9sang yin de ke xue pei yu
606 0  @a发声法
690    @aJ616.1@v4
701  1 @a马腊费奥迪@9ma la fei ao di@bP.M.@4著
702  0 @a郎毓秀@9lang yu xiu@4译
801  0 @aCN@bRENTIAN@c20070805
905    @a10447@dJ616.1@e265
    
    卡鲁索的发声方法:嗓音的科学培育/(意)P.M.马腊费奥迪著/郎毓秀译.-北京:人民音乐出版社,2000(2001)
    172页:图,肖像;20cm
    
    
    ISBN 7-103-01019-6:CNY12.60
    本书从科学角度经过观察、研究卡鲁索的自然歌唱方法而写成了这本声乐理论著作。
●
相关链接 在E读中查询图书 在五车中查询图书 在当当中查询图书 在豆瓣中查询图书


正题名:卡鲁索的发声方法     索取号:J616.1/265         预约/预借

序号 登录号 条形码 馆藏地/架位号 状态 备注
1 0805032   208050320   密集书库/ [索取号:J616.1/265] 在馆    
2 0805033   208050339   第一借阅区/ [索取号:J616.1/265] 在馆    
3 0805034   208050348   第一借阅区/ [索取号:J616.1/265] 在馆    
4 0805035   208050357   第一借阅区/ [索取号:J616.1/265] 在馆    
5 0805036   208050366   音乐系资料室/ [索取号:J616.1/265] 在馆    
唐山师范学院图书馆 欢迎您!
大连网信软件有限公司© 版权所有